Famous People with Finno-Ugric Names - Statistics

General Stats
  • This quiz has been taken 17 times
  • The average score is 6 of 15
Answer Stats
Hint Answer % Correct
Formula One driver nicknamed "The Iceman" {Kimi} Räikkönen
79%
Formula One driver nicknamed "The Flying Finn" {Mika} Häkkinen
57%
Middle- and long-distance runner also nicknamed "The Flying Finn" {Paavo} Nurmi
57%
10-time Formula One race winner {Valtteri} Bottas
57%
Glamourous, extravagant actress and socialite who had 9 husbands {Zsa Zsa} Gabor
50%
Inventor of the Rubik's Cube {Ernő} Rubik
43%
Pioneering 20th-century composer known for "Concerto for Orchestra" {Béla} Bartók
36%
Actor known for "Law & Order: SVU" and for being Jayne Mansfield's daughter {Mariska} Hargitay
36%
Hungarian Prime Minister who led the 1956 revolution against Soviet control {Imre} Nagy
29%
First female Prime Minister of Estonia, elected in 2021 {Kaja} Kallas
29%
Renowned Estonian composer who pioneered the Tintinnabuli style {Arvo} Pärt
21%
Inventor who patented the first ballpoint pen {László} Bíró
21%
The highest-ranked Estonian tennis player in history {Anett} Kontaveit
14%
Finnish actor who has played Chewbacca in the Star War series since 2017 {Joonas} Suotamo
14%
Most-translated Estonian author {Jaan} Kross
7%
No matching quizzes found
Score Distribution
Percent of People with Each Score
Percentile by Number Answered
Your Score History
You have not taken this quiz